| 000 | 00636nam a2200217 a 4500 | ||
|---|---|---|---|
| 001 | 65388 | ||
| 003 | BD-RjUL | ||
| 005 | 20211209081424.0 | ||
| 008 | 170305m1982 ko c 000 0 eng | ||
| 035 | _a(BD-RjUL)65518 | ||
| 040 |
_aDLC _cDLC _dBD-RjUL _beng |
||
| 041 | _aeng | ||
| 082 | 0 | 0 |
_a335.43095193 _223 _bSUO 1982 |
| 100 | 1 |
_aSung, Kim Il _d1912-1994. _9193516 |
|
| 245 | 1 | 0 |
_aOn juche in our revolution / _cKim Il Sung. |
| 260 |
_aPyongyang, Korea : _bForeign Languages Pub. House, _c1982. |
||
| 300 |
_a467 p . : _bill . ; _c22 cm. |
||
| 650 | 0 |
_aSocialism _zKorea (North) _9189416 |
|
| 942 |
_2ddc _cBK |
||
| 999 |
_c65388 _d65388 |
||